000 nam a22 7a 4500
999 _c9955
_d9955
008 180209b ||||| |||| 00| 0 eng d
100 _aMalhotra,S.etal.
_96011
245 _aFun With Mental Mathematics
260 _aNew Delhi
_bFrank&Bros